000 00574nam a2200217 a 4500
001 0001-2132
003 ELIB.Books
008 190724 2010 eng
020 _a0205113699
092 _a616.89
_bBec
100 _aBecvar, Dorothy Stroh.
245 _aFamily Therapy
_bA Systemic Integration
260 _aBoston
_bAllyn and Bacon
_c1988
300 _a351
_c24cm
650 _aFamily Psychotherapy
856 _nKBTS Library
_uKBTS Elib
942 _2ddc
_cBK
990 _a1
998 _aEnglishbooks.elf
_ccat
_e2019-07-24
999 _c12132
_d12132